Word Ladder: Didn't See It Coming Quiz Stats

 Plays Quiz Updated May 28, 2019

Score 0/27 Timer 03:00
1 Play Today
Hint Four-letter Word % Correct
Used to hold your pants upBELT
97.8%
'A Wrinkle in ____'TIME
97.6%
Kermit, e.g.FROG
96.9%
Small, greenish-yellow fruitLIME
96.8%
Senior year dancePROM
96.6%
Sprinter Usain• (A) BOLT •
96.4%
'____ Here to Eternity'• FROM •
95.8%
Maple, oak, or elm, e.g.TREE
94.9%
Pulse; unit of rhythmBEAT
94.7%
Liquid secreted by the liverBILE
93.8%
Mosaic componentTILE
93.6%
The color of a clear sky• BLUE •
93.6%
Without restraint (or $0.00 on a price tag)FREE
93.4%
Vikings, Packers, Bears, Lions etc.TEAM
93.2%
Hint Four-letter Word % Correct
The Union Jack, e.g.FLAG
92.9%
To beat with a whipFLOG
92.1%
British streetcar running on railsTRAM
91.3%
Carriage for a babyPRAM
91.1%
Shakespearean 'you'• THE(E) •
90.9%
That group of peopleTHEM
90.9%
An achievement or accomplishmentFEAT
90.8%
Run away from; escapeFLEE
90.6%
Similar, of the same kind• LIKE •
89.5%
Even in elevationFLAT
88.7%
Passage for smoke in a chimneyFLUE
88.7%
The trunk of a treeBOLE
87.3%
To abound; to be a lot of somethingTEEM
86.2%

Today's Daily Dose

Missing Word
Banned Books (A-Z)

Word Ladder
Janis Joplin

Get the Picture
Occupations

You're not logged in!

Compare scores with friends on all Sporcle quizzes.
OR
Log In

Sporcle TV

Today on Sporcle TV


Watch our educational content, quiz creation guides, and fun videos on Sporcle TV.

Show Comments

Extras

Top Quizzes Today


Score Distribution

Your Account Isn't Verified!

In order to create a playlist on Sporcle, you need to verify the email address you used during registration. Go to your Sporcle Settings to finish the process.

Report this User

Report this user for behavior that violates our Community Guidelines.

Details: